00450nam a2200121Ia 4500008004100000245011800041260002400159260000900183300000800192650002300200650001200223856009300235170516s9999 xx 000 0 und d aOsteoblastic lesion screening with an advanced post-processing package enabling in-plane rib reading in CT-images bBMC Medical Imaging c2016 a16: xMedical Technology xMedtech uhttp://bmcmedimaging.biomedcentral.com/articles?query=&volume=16&searchType=&tab=keyword